000 00372nam a2200169Ia 4500
005 20250425161010.0
008 250425s9999 xx 000 0 und d
041 _aspa
082 _a574.5264
100 _aSPURR, STEPHEN H.
245 0 _aECOLOGIA FORESTAL
250 _aS.E.
260 _aS.L.
260 _aSin Pais
_bS.E.
_c1982
942 _c01
010 _a10263
999 _c200384
_d200384